Detalles MARC
| 000 -CABECERA |
| fixed length control field |
02566nam a2200313 a 4500 |
| 001 - NUMERO DE CONTROL |
| control field |
001595554 |
| 003 - CONTROL NUMBER IDENTIFIER |
| control field |
AR-BeUNQ |
| 005 - FECHA Y HORA DE LA ULTIMA TRANSACCION |
| control field |
20240624205305.0 |
| 007 - CAMPO FIJO DE DESCRIPCION FIJA - INFORMACION GENERAL |
| fixed length control field |
ta |
| 008 - ELEMENTOS DE LONGITUD FIJA-INFORMACION GENERAL |
| fixed length control field |
240624s2023 ag gr 001 0 spa |
| 015 ## - NATIONAL BIBLIOGRAPHY NUMBER |
| National bibliography number |
AR-2023 |
| 020 ## - NUMERO INTERNACIONAL NORMALIZADO PARA LIBROS |
| Número Internacional Normalizado del libro |
9789501204070 |
| 040 ## - FUENTE DE CATALOGACION |
| Agencia de catalogación original |
AR-BaBN |
| Idioma de catalogación |
ESPAÑOL |
| Agencia que realiza la transcripción |
AR-BaBN |
| Convenciones de la descripción |
aacr |
| Agencia que realiza la modificación |
AR-BeUNQ |
| 044 ## - COUNTRY OF PUBLISHING/PRODUCING ENTITY CODE |
| MARC country code |
ag |
| ISO country code |
ar-c |
| 082 04 - NUMERO DE CLASIFICACION DECIMAL DEWEYMBER |
| Número de clasificación |
177.7 |
| Número de la edición |
21 |
| 100 1# - ASIENTO PRINCIPAL-NOMBRE PERSONAL |
| Nombre personal |
Sztajnszrajber, Darío, |
| Fecha asociada al nombre |
1968- |
| 245 13 - MENCION DE TITULO |
| Título |
El amor es imposible : |
| Otra información sobre el título |
ocho tesis filosóficas / |
| Mención de responsabilidad, etc |
Darío Sztajnszrajber. |
| 250 ## - MENCION DE EDICION |
| Mención de edición |
1a ed. |
| 260 ## - PUBLICACION, DISTRIBUCION, ETC. |
| Lugar de publicación, distribución, etc. |
C.A.B.A. : |
| Nombre del editor, distribuidor, etc. |
Paidós, |
| Fecha de publicación, distribución, etc |
2023. |
| 300 ## - DESCRIPCION FISICA |
| Extensión |
376 p. ; |
| Dimensiones |
23 cm. |
| 520 3# - NOTA DE RESUMEN, ETC |
| Nota de resumen, etc. |
¿Qué significa que el único amor verdadero sea el amor imposible? ¿Es el amor lo que suponemos que es? O antes que eso, ¿es lo imposible aquello definido como lo inalcanzable, lo inconsumable, lo inenarrable? ¿Y si fueran las preguntas lo que hay que cambiar porque es en la imposibilidad del encuentro amoroso donde radica su verdad? Este libro es una propuesta de deconstrucción radical sobre uno de los eventos más radicales de nuestra existencia. Ocho tesis que tienen el arrojo de devenir en una serie de desvelos, nuevas intuiciones, destellos que nos inviten a temblar. Es la puesta en página de una práctica política concreta, que increpa a ese amor comercial, romántico, que se nos vende como dominante, como único y normativo. Es ir a martillazos contra esa arquitectura sentimental sostenida por el sentido común, por definiciones y naturalezas forzadas. Y entonces, sí: categorías cristalizadas como la pareja, la familia, la media naranja y el primer amor, entre otras, son puestas en evidencia, caen bajo su propio peso: se rompen. El amor es imposible conduce al insomnio, y de ahí a una revolución íntima y perturbadora comandada por el deseo genuino de la intranquilidad: no queremos estar en donde estamos. Un trabajo de años, de lecturas y de diálogos en el que Darío Sztajnszrajber pone una vez más, al alcance de quienes estén dispuestos a jugar el juego, las herramientas de la filosofía para desandar lo andado, rebelarse y exigir siempre, aunque suene a destiempo y desubicado, animarse a lo imposible. |
| Assigning source |
(Descripción del editor). |
| 650 #7 - ASIENTO SECUNDARIO DE MATERIA - TERMINO TEMATICO |
| Término temático o nombre geográfico como elemento de entrada |
Filosofía |
| Fuente del encabezamiento o términ |
spines |
| 650 #7 - ASIENTO SECUNDARIO DE MATERIA - TERMINO TEMATICO |
| Término temático o nombre geográfico como elemento de entrada |
Afecto |
| Fuente del encabezamiento o términ |
spines |
| 751 ## - ADDED ENTRY-GEOGRAPHIC NAME |
| Geographic name |
Buenos Aires |
| Relator term |
lugar de publicación |
| Relationship |
pup |
| 929 ## - DATOS DE ADQUISICION |
| Procedencia |
COMPRA |
| Proveedor |
Cúspide Libros S. A. |
| Orden de compra |
EXp. 827-2000/2023 |
| Precio |
11610 |
| Fecha de recibido |
20231213 |
| Patrimonio UNQ |
PAT0081049 |
| Es copia |
1 |
| Número de inventario |
62361 |
| 929 ## - DATOS DE ADQUISICION |
| Procedencia |
COMPRA |
| Proveedor |
Cúspide Libros S. A. |
| Orden de compra |
EXp. 827-2000/2023 |
| Precio |
11610 |
| Fecha de recibido |
20231213 |
| Patrimonio UNQ |
PAT0081050 |
| Es copia |
2 |
| Número de inventario |
62361 |
| 942 ## - ELEMENTOS DE PUNTO DE ACCESO ADICIONAL (KOHA) |
| Tipo de ítem Koha |
Libros |